[Event "SD-2016-0-00261"]
[Site "LSS email"]
[Date "2016.08.06"]
[Round "?"]
[White "Lukin, Andrey"]
[Black "Plotnikov, Vladimir Anatolievi"]
[Result "0-1"]
[WhiteElo "1489"]
[BlackElo "1360"]
[PlyCount "36"]
[EventDate "2016.06.07"]
[EventType "tourn (corr)"]
[EventRounds "6"]
[EventCountry "GER"]
[SourceTitle "Corr 2022"]
[Source "ChessBase"]
[SourceDate "2021.10.24"]
[SourceVersion "1"]
[SourceVersionDate "2021.10.24"]
[SourceQuality "1"]

1. e4 e5 2. Nf3 Nc6 3. Bc4 Bc5 4. 0-0 Nf6 5. c3 Nxe4 6. d4 d5 7. Bb5 exd4 8. cxd4 Bd6 9. Qc2 0-0 10. Bxc6 bxc6 11. Qxc6 Rb8 12. Ne5 Rb6 13. Qxd5 Bb7 14. Qa5 Bxe5 15. Qxe5 Re8 16. Qf4 Rf6 17. Qh4 Nxf2 18. Bg5 Nh3+ 0-1

[Event "SD-2016-0-00261"]
[Site "LSS email"]
[Date "2016.08.06"]
[Round "?"]
[White "Sofia, Gerardo"]
[Black "Plotnikov, Vladimir Anatolievi"]
[Result "0-1"]
[WhiteElo "1431"]
[BlackElo "1360"]
[PlyCount "92"]
[EventDate "2016.06.07"]
[EventType "tourn (corr)"]
[EventRounds "6"]
[EventCountry "GER"]
[SourceTitle "Corr 2022"]
[Source "ChessBase"]
[SourceDate "2021.10.24"]
[SourceVersion "1"]
[SourceVersionDate "2021.10.24"]
[SourceQuality "1"]

1. e4 e5 2. Nf3 Nc6 3. Bb5 Nf6 4. 0-0 Nxe4 5. Re1 Nd6 6. Nxe5 Be7 7. Bf1 Nxe5 8. Rxe5 0-0 9. Nc3 Bf6 10. Re1 Re8 11. d4 Rxe1 12. Qxe1 Bxd4 13. Bf4 Ne8 14. Rd1 Bf6 15. Ne4 d6 16. Bc4 Be6 17. Bxe6 fxe6 18. b3 Qe7 19. c4 b6 20. h3 Rd8 21. Rd3 Bh4 22. g3 Bf6 23. Qd2 e5 24. Be3 Qd7 25. Kg2 c6 26. c5 bxc5 27. Bxc5 d5 28. b4 Qe6 29. Nxf6+ Nxf6 30. Bxa7 Ra8 31. Bc5 d4 32. a3 Ne4 33. Qc2 Ng5 34. Qb3 e4 35. Qxe6+ Nxe6 36. Rd2 Nxc5 37. bxc5 Ra4 38. Kf1 Kf7 39. Re2 d3 40. Re3 Ke6 41. f3 Kd5 42. Rxe4 Rxa3 43. Ke1 Ra2 44. Re7 Kd4 45. Rxg7 Kc3 46. Rxh7 Ra1+ 0-1

[Event "LSS No Engine Cup 156 Preliminary 0"]
[Site "LSS email"]
[Date "2016.07.22"]
[Round "?"]
[White "Neumann, Frank"]
[Black "Plotnikov, Vladimir Anatolievi"]
[Result "0-1"]
[WhiteElo "862"]
[BlackElo "1645"]
[PlyCount "100"]
[EventDate "2016.07.23"]
[EventType "tourn (corr)"]
[EventRounds "6"]
[EventCountry "GER"]
[SourceTitle "Corr 2022"]
[Source "ChessBase"]
[SourceDate "2021.10.24"]
[SourceVersion "1"]
[SourceVersionDate "2021.10.24"]
[SourceQuality "1"]

1. d4 d5 2. c4 e6 3. c5 Nc6 4. Nf3 g6 5. e3 Bg7 6. Be2 Nf6 7. 0-0 0-0 8. Ne5 Nxe5 9. dxe5 Nd7 10. Nc3 Bxe5 11. g3 Nxc5 12. Bd2 c6 13. b4 Nd7 14. a4 Qf6 15. a5 Bxc3 16. Bxc3 Qxc3 17. Rb1 Nf6 18. Qc1 Qe5 19. Qb2 Qxb2 20. Rxb2 Ne4 21. f3 Nd6 22. b5 c5 23. Kg2 c4 24. g4 Bd7 25. b6 a6 26. Kg3 Rac8 27. h4 Rc5 28. Rc1 Bb5 29. Kf4 f6 30. g5 e5+ 31. Kg4 Bd7+ 32. Kg3 Nf5+ 33. Kh2 Nxe3 34. Rc3 d4 35. Rc1 d3 36. Bf1 Nxf1+ 37. Rxf1 c3 38. Rb3 c2 39. Rc1 Bf5 40. Kg2 d2 41. Rh1 d1Q 42. Rxd1 cxd1Q 43. Rb2 Rc2+ 44. Rxc2 Qxc2+ 45. Kg3 fxg5 46. hxg5 Be6 47. f4 exf4+ 48. Kf3 Bd5+ 49. Kg4 Qg2+ 50. Kh4 Qg3# 0-1

[Event "LSS No Engine Cup 156 Preliminary 0"]
[Site "LSS email"]
[Date "2016.07.22"]
[Round "?"]
[White "Rocek, Vladimir"]
[Black "Plotnikov, Vladimir Anatolievi"]
[Result "0-1"]
[WhiteElo "1449"]
[BlackElo "1645"]
[PlyCount "50"]
[EventDate "2016.07.23"]
[EventType "tourn (corr)"]
[EventRounds "6"]
[EventCountry "GER"]
[SourceTitle "Corr 2022"]
[Source "ChessBase"]
[SourceDate "2021.10.24"]
[SourceVersion "1"]
[SourceVersionDate "2021.10.24"]
[SourceQuality "1"]

1. e4 e5 2. Nf3 Nc6 3. Bc4 Bc5 4. d3 Nf6 5. Bg5 h6 6. Bh4 d6 7. h3 Na5 8. Bb5+ c6 9. Ba4 Qb6 10. Bb3 g5 11. Bg3 Nxb3 12. axb3 Nh5 13. Qe2 Nxg3 14. fxg3 a5 15. Nc3 Qa7 16. Na4 Be3 17. c4 g4 18. Nh4 h5 19. Nf5 Bxf5 20. exf5 0-0-0 21. hxg4 hxg4 22. Rxh8 Rxh8 23. Qf1 Qd4 24. Nc3 Bg5 25. Nd1 e4 0-1

[Event "RD-2016-0-00130"]
[Site "LSS email"]
[Date "2016.07.11"]
[Round "?"]
[White "Sierzega, Jan"]
[Black "Plotnikov, Vladimir Anatolievi"]
[Result "1-0"]
[WhiteElo "1563"]
[BlackElo "1241"]
[PlyCount "113"]
[EventDate "2016.02.12"]
[EventType "tourn (corr)"]
[EventRounds "6"]
[EventCountry "GER"]
[SourceTitle "Corr 2022"]
[Source "ChessBase"]
[SourceDate "2021.10.24"]
[SourceVersion "1"]
[SourceVersionDate "2021.10.24"]
[SourceQuality "1"]

1. e4 e5 2. Nf3 Nf6 3. Nxe5 d6 4. Nf3 Nxe4 5. d4 d5 6. Bd3 Be7 7. 0-0 Be6 8. c4 Nf6 9. c5 0-0 10. Re1 Nc6 11. Nc3 Bg4 12. Be3 Bxc5 13. dxc5 d4 14. Bd2 dxc3 15. Bxc3 Nd5 16. h3 Nxc3 17. bxc3 Bh5 18. Be4 Qf6 19. Re3 Rae8 20. Qe2 Bxf3 21. Rxf3 Qg5 22. Rb1 Qxc5 23. Re3 Rb8 24. Rb5 Qd6 25. Rd5 Qf6 26. Rd7 g6 27. a4 Rbc8 28. Bd5 Qf5 29. Bxc6 bxc6 30. Ree7 Qf4 31. g3 Qc1+ 32. Kg2 Qxc3 33. h4 Qf6 34. h5 gxh5 35. Qxh5 Rce8 36. Rxe8 Rxe8 37. Rxc7 Re5 38. Rxf7 Rxh5 39. Rxf6 Rc5 40. Rd6 a5 41. f4 Rc4 42. Kh3 c5 43. Rc6 Kf7 44. Kg4 Ke7 45. Kg5 Kd7 46. Rh6 Rxa4 47. Rxh7+ Kd6 48. f5 c4 49. f6 Ra2 50. g4 Rf2 51. Kg6 c3 52. Rh1 a4 53. f7 c2 54. g5 Ke7 55. Re1+ Kd7 56. Kg7 Re2 57. Rc1 1-0

[Event "RD-2016-0-00130"]
[Site "LSS email"]
[Date "2016.07.10"]
[Round "?"]
[White "Plotnikov, Vladimir Anatolievi"]
[Black "Endean, Andrew"]
[Result "1-0"]
[WhiteElo "1241"]
[BlackElo "1575"]
[PlyCount "79"]
[EventDate "2016.02.12"]
[EventType "tourn (corr)"]
[EventRounds "6"]
[EventCountry "GER"]
[SourceTitle "Corr 2022"]
[Source "ChessBase"]
[SourceDate "2021.10.24"]
[SourceVersion "1"]
[SourceVersionDate "2021.10.24"]
[SourceQuality "1"]

1. e4 e5 2. Nf3 Nf6 3. Nxe5 d6 4. Nf3 Nxe4 5. d4 d5 6. Bd3 Nc6 7. 0-0 Be7 8. Re1 Bg4 9. c4 Nf6 10. Be3 0-0 11. Nc3 Re8 12. cxd5 Nxd5 13. Be4 Nxe3 14. fxe3 Bb4 15. Qc2 g6 16. Bxc6 bxc6 17. Ne5 Bxc3 18. Qxc3 Bd7 19. Rac1 Qe7 20. Nxd7 Qxd7 21. Qxc6 Qxc6 22. Rxc6 Re7 23. Kf2 a5 24. Rec1 Ra7 25. b3 Kf8 26. R1c4 Ke8 27. Ra4 Re6 28. Rxe6+ fxe6 29. b4 Kd7 30. Rxa5 Rb7 31. a3 Kc6 32. Kf3 h6 33. Kf4 Kd6 34. e4 Ke7 35. Ke5 g5 36. b5 Kf7 37. a4 Ke7 38. Ra6 Rb6 39. Rxb6 cxb6 40. g4 1-0